[Event "Jan Macieja Memorial"]
[Site "Warsaw POL"]
[Date "2023.07.10"]
[Round "4.61"]
[White "Zareba, Piotr"]
[Black "Makarewicz, Pawel"]
[Result "1-0"]
[WhiteElo "1743"]
[BlackElo "2085"]
[EventDate "2023.07.10"]
[PlyCount "115"]

1.e4 e5 2.Nf3 Nc6 3.Bb5 a6 4.Ba4 d6 5.c3 Nf6 6.d3 Be7 7.h3 O-O 8.Nbd2 h6 9.Nf1 
Nh7 10.Ng3 Ng5 11.Bc2 f5 12.exf5 Bxf5 13.Nxf5 Rxf5 14.Nxg5 Bxg5 15.d4 Rf8 
16.O-O exd4 17.cxd4 Qf6 18.Be3 Rae8 19.Qd3 g6 20.Qxg6+ Qxg6 21.Bxg6 Re6 22.Bc2 
Bxe3 23.Bb3 Bxd4 24.Bxe6+ Kg7 25.Bd5 Ne5 26.Bxb7 Rb8 27.Bxa6 Rxb2 28.Rad1 Bb6 
29.a4 Ra2 30.Bb5 Bc5 31.Be8 Kf8 32.Bh5 Rxa4 33.Kh2 Rh4 34.g4 Rxh5 35.gxh5 Kf7 
36.f4 Nd7 37.Kg3 Nf6 38.Kh4 Kg7 39.Rfe1 Kf7 40.Rb1 Bb6 41.Rec1 Nd5 42.Rd1 Nxf4 
43.Rf1 Ke6 44.Rxf4 Be3 45.Re1 Ke5 46.Rf3 Kd4 47.Rexe3 c5 48.Rd3+ Ke5 49.Rf8 d5 
50.Re8+ Kf4 51.Rxd5 c4 52.Rd7 Kf3 53.Rf7+ Kg2 54.Rg8+ Kh2 55.Rc7 c3 56.Rxc3 Kh1 
57.Rb8 Kg2 58.Rb2+ 1-0

[Event "Jan Macieja Memorial"]
[Site "Warsaw POL"]
[Date "2023.07.10"]
[Round "5.1"]
[White "Piorun, Kacper"]
[Black "Kanarek, Marcel"]
[Result "1-0"]
[WhiteElo "2583"]
[BlackElo "2388"]
[EventDate "2023.07.10"]
[PlyCount "101"]

1.e4 c5 2.Nc3 a6 3.g3 b5 4.Bg2 Bb7 5.Qe2 e6 6.d3 Nc6 7.Nf3 Nd4 8.Nxd4 cxd4 
9.Nd1 g6 10.O-O Bg7 11.Bd2 Ne7 12.f4 O-O 13.Nf2 Rc8 14.Rac1 f5 15.g4 fxe4 
16.dxe4 Qc7 17.Nd3 Nc6 18.h4 Rf7 19.h5 gxh5 20.g5 Ne7 21.Qxh5 d5 22.e5 Ng6 
23.Bh3 Qe7 24.Bb4 Qe8 25.f5 exf5 26.Bxf5 Rxf5 27.Rxf5 Qe6 28.Qg4 Re8 29.Nc5 Qc6 
30.Nxb7 Qxb7 31.Bd6 Qc6 32.Rcf1 Qxc2 33.Qf3 Nh4 34.Qxd5+ Kh8 35.R5f4 Ng6 
36.R4f2 Qd3 37.Qf3 Qc4 38.Qf7 Qxf7 39.Rxf7 Nxe5 40.Bxe5 Rxe5 41.R7f5 Re2 
42.R1f2 Re1+ 43.Kg2 Kg8 44.Rd5 Re8 45.b3 Rc8 46.Rd6 a5 47.Rf5 b4 48.Rxa5 Rc2+ 
49.Kf3 Rc3+ 50.Kg4 Kf7 51.Ra7+ 1-0

[Event "Jan Macieja Memorial"]
[Site "Warsaw POL"]
[Date "2023.07.10"]
[Round "5.2"]
[White "Mis, Mieszko"]
[Black "Tomczak, Jacek"]
[Result "1/2-1/2"]
[WhiteElo "2369"]
[BlackElo "2562"]
[EventDate "2023.07.10"]
[PlyCount "93"]

1.e4 c6 2.Nf3 d5 3.d3 dxe4 4.dxe4 Qxd1+ 5.Kxd1 Nf6 6.Nbd2 g6 7.Ne5 Bg7 8.Nd3 
O-O 9.f3 a5 10.c3 b6 11.Kc2 Ba6 12.Nf4 Bxf1 13.Rxf1 Na6 14.Nc4 Nd7 15.Be3 Rfb8 
16.Rad1 Rb7 17.Rxd7 Rxd7 18.Nxb6 Rad8 19.Nxd7 Rxd7 20.Nd3 Kf8 21.Rd1 Ke8 22.b3 
Rb7 23.Nb2 f5 24.exf5 gxf5 25.a4 Be5 26.Nc4 Bc7 27.f4 Nb8 28.g3 Nd7 29.Bd4 Kf7 
30.Be5 Nxe5 31.fxe5 Ke6 32.Rd2 Rb8 33.Rd4 Bxe5 34.Rh4 Bc7 35.Rh6+ Kd7 36.Rxh7 
Rf8 37.Rh4 e5 38.Rh7+ Kc8 39.Kd2 f4 40.gxf4 exf4 41.Ke2 Re8+ 42.Kf3 Rd8 43.Ke4 
Re8+ 44.Kf3 Rd8 45.Ke4 Re8+ 46.Kf3 Rd8 47.Ke4 1/2-1/2

[Event "Jan Macieja Memorial"]
[Site "Warsaw POL"]
[Date "2023.07.10"]
[Round "5.3"]
[White "Kazakouski, Valery"]
[Black "Pacan-milej, Kosma"]
[Result "1-0"]
[WhiteElo "2546"]
[BlackElo "2302"]
[EventDate "2023.07.10"]
[PlyCount "169"]

1.Nf3 Nf6 2.c4 g6 3.g3 Bg7 4.d4 O-O 5.Bg2 d6 6.O-O c6 7.Nc3 Bf5 8.Ng5 h6 9.e4 
Bg4 10.Nf3 Nfd7 11.Be3 c5 12.h3 Bxf3 13.Bxf3 Nc6 14.d5 Nd4 15.Bg2 a6 16.Qd2 Kh7 
17.Ne2 Nxe2+ 18.Qxe2 b5 19.Rac1 bxc4 20.Rxc4 a5 21.Rc2 a4 22.h4 h5 23.Rb1 Ne5 
24.f3 Qa5 25.Bd2 Qb6 26.Bc3 Rfb8 27.Kh2 Qa6 28.Bf1 Qxe2+ 29.Bxe2 Rb6 30.Re1 
Rab8 31.Kh3 Nd7 32.Bxg7 Kxg7 33.Rb1 Rb4 34.Kg2 Ne5 35.Kf2 Rd4 36.Ke3 Rbb4 
37.Rc3 e6 38.dxe6 fxe6 39.b3 axb3 40.axb3 Nc6 41.Ra1 Ne5 42.Ra6 Nf7 43.Ra7 Kf6 
44.Ra6 Kg7 45.Bc4 d5 46.exd5 exd5 47.Be2 Rb7 48.Rxc5 Rdb4 49.Bd1 Re7+ 50.Kf2 
Ne5 51.Rxd5 Rbb7 52.Raa5 Nc6 53.Rac5 Nb4 54.Rd2 Rbd7 55.Rxd7 Rxd7 56.Be2 Rd2 
57.Rc7+ Kf6 58.Rb7 Nc2 59.Rb6+ Kg7 60.Re6 Nd4 61.Re4 Nxb3 62.Ke3 Ra2 63.Rc4 Ra3 
64.Rc3 Kf6 65.Bd1 Na5 66.Rxa3 Nc4+ 67.Kd4 Nxa3 68.Ba4 Nb1 69.Bc2 Na3 70.Bd3 g5 
71.Kd5 gxh4 72.gxh4 Kf7 73.Ke5 Kg7 74.Kf5 Kh6 75.f4 Kh7 76.Kg5+ Kg7 77.Kxh5 Kf6 
78.Kg4 Kg7 79.h5 Kh6 80.Kh4 Kg7 81.Kg5 Kg8 82.f5 Kf7 83.f6 Kg8 84.Kg6 Kf8 85.f7 1-0

[Event "Jan Macieja Memorial"]
[Site "Warsaw POL"]
[Date "2023.07.10"]
[Round "5.4"]
[White "Socko, Bartosz"]
[Black "Kiolbasa, Oliwia"]
[Result "1-0"]
[WhiteElo "2520"]
[BlackElo "2269"]
[EventDate "2023.07.10"]
[PlyCount "103"]

1.g3 d5 2.Bg2 Nf6 3.Nf3 e6 4.O-O Be7 5.d4 O-O 6.c4 dxc4 7.Ne5 Nc6 8.Bxc6 bxc6 
9.Nxc6 Qe8 10.Nxe7+ Qxe7 11.Qc2 c5 12.b3 Rd8 13.dxc5 Qxc5 14.Qxc4 Qxc4 15.bxc4 
Ba6 16.Na3 Rdc8 17.Be3 Bxc4 18.Nxc4 Rxc4 19.Rfc1 Ra4 20.Rc2 Nd5 21.Bd2 h6 
22.Rb1 Nb6 23.Rb4 Rxb4 24.Bxb4 Rd8 25.Kg2 Rd4 26.a3 Rc4 27.Rxc4 Nxc4 28.Kf3 f5 
29.e3 Kf7 30.Ke2 Ke8 31.h3 h5 32.Kd3 Nb2+ 33.Kd4 Kd7 34.f3 Nd1 35.Be1 Nb2 36.e4 
Kd6 37.Bb4+ Kd7 38.exf5 exf5 39.Ke5 g6 40.Kf6 Nd3 41.Kxg6 f4 42.gxf4 Nxf4+ 
43.Kf5 Nxh3 44.Bc5 Kc6 45.Bxa7 Kd5 46.a4 Kc4 47.a5 Kb5 48.Bb6 Ka6 49.Be3 Kxa5 
50.Kg6 h4 51.Kh5 Kb4 52.Kxh4 1-0

[Event "Jan Macieja Memorial"]
[Site "Warsaw POL"]
[Date "2023.07.10"]
[Round "5.5"]
[White "Kopczynski, Michal"]
[Black "Gagare, Shardul"]
[Result "0-1"]
[WhiteElo "2210"]
[BlackElo "2482"]
[EventDate "2023.07.10"]
[PlyCount "64"]

1.e4 e6 2.d4 d5 3.Nc3 Nf6 4.e5 Nfd7 5.f4 c5 6.dxc5 Bxc5 7.Nf3 Nc6 8.Bd3 h6 
9.Qe2 O-O 10.Bd2 a6 11.O-O-O b5 12.f5 b4 13.Na4 Qa5 14.b3 exf5 15.Kb1 Nb6 
16.Nxc5 Qxc5 17.Be3 d4 18.Bf4 Nd5 19.Bd2 Nc3+ 20.Bxc3 bxc3 21.Nd2 cxd2 22.Qxd2 
Qa3 23.c4 a5 24.Bc2 a4 25.bxa4 Be6 26.Bb3 Rfb8 27.Qc1 Rxb3+ 28.axb3 Qxb3+ 
29.Qb2 Qxa4 30.Kc1 Qxc4+ 31.Qc2 Ra1+ 32.Kd2 Ra2 0-1

[Event "Jan Macieja Memorial"]
[Site "Warsaw POL"]
[Date "2023.07.10"]
[Round "5.6"]
[White "Nasuta, Grzegorz"]
[Black "Szewczyk, Mariusz"]
[Result "1-0"]
[WhiteElo "2449"]
[BlackElo "1994"]
[EventDate "2023.07.10"]
[PlyCount "49"]

1.e4 e5 2.Nf3 Nf6 3.d4 Nxe4 4.Bd3 d5 5.Nxe5 Bd6 6.O-O O-O 7.c4 c6 8.Qc2 f5 
9.Nc3 Na6 10.a3 Nc7 11.f3 Nxc3 12.Qxc3 Be6 13.b3 Re8 14.Re1 Bxe5 15.Rxe5 g6 
16.Bf4 Bf7 17.Rxe8+ Nxe8 18.Be5 Nd6 19.Qb4 dxc4 20.bxc4 Nc8 21.Qxb7 Nb6 22.c5 
Nd7 23.Bc7 Qc8 24.Qxc6 Rb8 25.Ba6 1-0

[Event "Jan Macieja Memorial"]
[Site "Warsaw POL"]
[Date "2023.07.10"]
[Round "5.7"]
[White "Heberla, Bartlomiej"]
[Black "Kowalski, Igor"]
[Result "1/2-1/2"]
[WhiteElo "2450"]
[BlackElo "2367"]
[EventDate "2023.07.10"]
[PlyCount "109"]

1.e4 c6 2.d4 d5 3.e5 Bf5 4.h4 h5 5.Bd3 Bxd3 6.Qxd3 Qa5+ 7.Nd2 e6 8.Nf3 Nh6 
9.O-O Nf5 10.Nb3 Qb5 11.Qd1 c5 12.a4 Qb6 13.dxc5 Bxc5 14.c3 Nc6 15.Bg5 O-O 
16.Nxc5 Qxc5 17.Re1 d4 18.cxd4 Ncxd4 19.Nxd4 Qxd4 20.Qxh5 Rac8 21.b3 Rc2 22.Qf3 
Nxh4 23.Bxh4 Qxh4 24.Re4 Qg5 25.Rd1 Rc1 26.g3 Rfc8 27.Kg2 R1c3 28.Rd3 Rxd3 
29.Qxd3 Qc1 30.Rh4 g6 31.Qf3 Qc6 32.Rc4 Qd7 33.Rf4 Rc5 34.Re4 Qc7 35.Qf4 Qc6 
36.Qf3 a5 37.Re3 Qxf3+ 38.Kxf3 Kg7 39.Ke4 f6 40.exf6+ Kxf6 41.Rf3+ Ke7 42.Kd4 
Rd5+ 43.Kc4 b6 44.Rf4 g5 45.Rd4 Rc5+ 46.Kd3 Rf5 47.Ke3 Rc5 48.Ke4 Rc3 49.Rd3 
Rc2 50.f4 g4 51.Kd4 Kf6 52.Re3 Rf2 53.Ke4 Rc2 54.Kd3 Rf2 55.Ke4 1/2-1/2

[Event "Jan Macieja Memorial"]
[Site "Warsaw POL"]
[Date "2023.07.10"]
[Round "5.8"]
[White "Malicka, Maria"]
[Black "Cherniaiev, Tykhon"]
[Result "0-1"]
[WhiteElo "2168"]
[BlackElo "2450"]
[EventDate "2023.07.10"]
[PlyCount "72"]

1.e4 e5 2.Nf3 Nc6 3.Bb5 Nge7 4.O-O a6 5.Ba4 Ng6 6.d4 exd4 7.Nxd4 Be7 8.Nc3 O-O 
9.Nd5 Nxd4 10.Qxd4 d6 11.c4 Be6 12.Nxe7+ Qxe7 13.Bc2 b5 14.b3 c5 15.Qc3 f6 
16.cxb5 axb5 17.Bd3 b4 18.Qc2 Ne5 19.Bb2 Nxd3 20.Qxd3 Rfd8 21.Rfd1 d5 22.exd5 
Rxd5 23.Qf3 Rxd1+ 24.Qxd1 c4 25.bxc4 Bxc4 26.Qc2 Bf7 27.h3 h6 28.Kh2 Qd6+ 29.g3 
Qd5 30.Qe2 Re8 31.Qg4 Qd2 32.Qd4 Qc2 33.Rc1 Qe2 34.Rd1 Qf3 35.Rd2 Re1 36.Qd8+ 
Kh7 0-1

[Event "Jan Macieja Memorial"]
[Site "Warsaw POL"]
[Date "2023.07.10"]
[Round "5.9"]
[White "Bartel, Marta"]
[Black "Chylewski, Patryk"]
[Result "0-1"]
[WhiteElo "1985"]
[BlackElo "2226"]
[EventDate "2023.07.10"]
[PlyCount "72"]

1.d4 Nf6 2.Nf3 e6 3.c4 b6 4.a3 Bb7 5.Nc3 g6 6.Bg5 Bg7 7.e3 h6 8.Bh4 d6 9.Be2 
Nbd7 10.O-O O-O 11.Qc2 g5 12.Bg3 Nh5 13.Nd2 Nxg3 14.hxg3 f5 15.Bf3 Bxf3 16.Nxf3 
Qe7 17.Rad1 Qf7 18.e4 f4 19.gxf4 Qxf4 20.Ne2 Qf7 21.Ng3 Qg6 22.d5 Ne5 23.Nd4 
exd5 24.cxd5 Rf7 25.Ndf5 Bf6 26.Qe2 g4 27.Qa6 h5 28.Ne2 Bg5 29.Qb7 Raf8 30.Rc1 
Qh7 31.Rc2 h4 32.Ned4 h3 33.g3 h2+ 34.Kh1 Nf3 35.Nxf3 gxf3 36.Rc3 Qh3 0-1

[Event "Jan Macieja Memorial"]
[Site "Warsaw POL"]
[Date "2023.07.10"]
[Round "5.10"]
[White "Chmiel, Marcin"]
[Black "Bartel, Mateusz"]
[Result "0-1"]
[WhiteElo "2084"]
[BlackElo "2529"]
[EventDate "2023.07.10"]
[PlyCount "62"]

1.c4 b6 2.Nc3 Bb7 3.e4 e5 4.Nge2 Nc6 5.d3 Bc5 6.g3 Qf6 7.Be3 Nd4 8.Bg2 Nf3+ 
9.Bxf3 Qxf3 10.Kd2 Ne7 11.a3 O-O 12.b4 Bxe3+ 13.fxe3 f5 14.Rf1 Qg2 15.exf5 Nxf5 
16.Qb3 Qxh2 17.c5+ Kh8 18.cxb6 axb6 19.Ne4 Qh6 20.Rf3 Nd4 21.Nxd4 exd4 22.Raf1 
dxe3+ 23.Ke2 Rxf3 24.Rxf3 d5 25.Nc3 d4 26.Ne4 Qh2+ 27.Ke1 Bxe4 28.dxe4 Qd2+ 
29.Kf1 e2+ 30.Kg1 e1=Q+ 31.Rf1 Qde3+ 0-1

[Event "Jan Macieja Memorial"]
[Site "Warsaw POL"]
[Date "2023.07.10"]
[Round "5.11"]
[White "Mulawa, Cyprian"]
[Black "Sengupta, Deep"]
[Result "1-0"]
[WhiteElo "2081"]
[BlackElo "2361"]
[EventDate "2023.07.10"]
[PlyCount "79"]

1.d4 Nf6 2.c4 c5 3.e3 cxd4 4.exd4 d5 5.Nf3 Nc6 6.Nc3 Be6 7.cxd5 Nxd5 8.Bb5 Rc8 
9.O-O Bg4 10.h3 Bh5 11.Bg5 h6 12.Bh4 g5 13.Bg3 Bg7 14.Qd3 O-O 15.Bxc6 bxc6 
16.Ne5 c5 17.dxc5 Nf4 18.Bxf4 gxf4 19.Nd7 Rc7 20.Rfd1 Bxd1 21.Rxd1 Re8 22.Nf6+ 
Bxf6 23.Qxd8 Rxd8 24.Rxd8+ Kg7 25.Na4 Rb7 26.b3 e6 27.Rc8 Be5 28.c6 Rb5 29.c7 
Kf6 30.Kf1 Rd5 31.Ra8 Bxc7 32.Rxa7 Be5 33.Ke2 Rd8 34.Nc5 Kg6 35.b4 Rd4 36.Rb7 
Rc4 37.a4 Bd4 38.Kd3 Rxc5 39.bxc5 Bxf2 40.Ra7 1-0

[Event "Jan Macieja Memorial"]
[Site "Warsaw POL"]
[Date "2023.07.10"]
[Round "5.12"]
[White "Sieciechowicz, Marcin"]
[Black "Jedrusik, Adam"]
[Result "1-0"]
[WhiteElo "2294"]
[BlackElo "2023"]
[EventDate "2023.07.10"]
[PlyCount "77"]

1.d4 Nf6 2.c4 e6 3.Nc3 Bb4 4.Qc2 d5 5.cxd5 Qxd5 6.Nf3 O-O 7.Bd2 Qf5 8.e4 Qg6 
9.Ne5 Qh5 10.Be2 Qh4 11.g3 Qh3 12.O-O-O Nbd7 13.Nf3 Qh5 14.e5 Bxc3 15.bxc3 Nd5 
16.Ng5 Qg6 17.Bd3 f5 18.exf6 Qxf6 19.Nxh7 Qe7 20.Nxf8 Nxf8 21.h4 Bd7 22.h5 Qa3+ 
23.Qb2 Qxb2+ 24.Kxb2 Bc6 25.h6 gxh6 26.Rxh6 Kg7 27.Rdh1 Ne7 28.R1h4 Nf5 29.Rg4+ 
Kf7 30.Rf4 Kg7 31.Bxf5 exf5 32.Rxf5 Bd7 33.Re5 Ng6 34.Re1 Rf8 35.Be3 Bc6 36.c4 
Bf3 37.d5 b6 38.Rh2 Ne5 39.Bd4 1-0

[Event "Jan Macieja Memorial"]
[Site "Warsaw POL"]
[Date "2023.07.10"]
[Round "5.13"]
[White "Bartel, Michal"]
[Black "Padalka, Artem"]
[Result "0-1"]
[WhiteElo "2282"]
[BlackElo "2073"]
[EventDate "2023.07.10"]
[PlyCount "64"]

1.e4 c5 2.Ne2 g6 3.g3 Bg7 4.Bg2 Nc6 5.c3 e5 6.d3 Nge7 7.Be3 d6 8.O-O O-O 9.f4 
f5 10.Nd2 Kh8 11.Nf3 c4 12.dxc4 fxe4 13.Ng5 Nf5 14.Qd2 Nxe3 15.Qxe3 exf4 
16.Rxf4 Bf5 17.Rh4 h5 18.Rxe4 Ne5 19.Rxe5 dxe5 20.Bxb7 Rb8 21.Bd5 Qb6 22.Qxb6 
Rxb6 23.b4 Bh6 24.Nf7+ Kg7 25.c5 Rf6 26.Nxh6 Kxh6 27.Rf1 Bd3 28.Rxf6 Rxf6 29.c6 
Bxe2 30.c7 Ba6 31.b5 Bc8 32.c4 Rd6 0-1

[Event "Jan Macieja Memorial"]
[Site "Warsaw POL"]
[Date "2023.07.10"]
[Round "5.14"]
[White "Bazilius, Augustinas"]
[Black "Baum, Jonasz"]
[Result "0-1"]
[WhiteElo "2050"]
[BlackElo "2277"]
[EventDate "2023.07.10"]
[PlyCount "100"]

1.d4 e6 2.Nc3 d5 3.Bf4 Bb4 4.e3 c5 5.Bb5+ Bd7 6.Bxd7+ Nxd7 7.Ne2 Ngf6 8.a3 
Bxc3+ 9.Nxc3 Rc8 10.O-O a6 11.Bd6 Qb6 12.dxc5 Nxc5 13.Bxc5 Qxc5 14.Qe2 O-O 
15.Rfd1 Qc4 16.Qxc4 Rxc4 17.Rd4 Rxd4 18.exd4 Rc8 19.Rc1 Ne8 20.Ne2 Nd6 21.c3 
Nc4 22.Rc2 f6 23.Nc1 Kf7 24.Kf1 e5 25.dxe5 fxe5 26.Ke2 Ke6 27.Nb3 b6 28.Nd2 Nd6 
29.f3 g5 30.Rc1 h5 31.h4 gxh4 32.Rh1 Nf5 33.Kd3 Rg8 34.Rh2 b5 35.Nf1 d4 36.cxd4 
exd4 37.Nd2 Ke5 38.Ne4 Kf4 39.Nf6 Rh8 40.Rh3 Rh6 41.Ne4 Rg6 42.Nc5 Rxg2 43.Ne6+ 
Ke5 44.Nc5 Rxb2 45.Nxa6 Rb3+ 46.Kd2 Rxa3 47.f4+ Kxf4 48.Rxa3 Ne3 49.Kd3 h3 
50.Kxd4 Nc2+ 0-1

[Event "Jan Macieja Memorial"]
[Site "Warsaw POL"]
[Date "2023.07.10"]
[Round "5.15"]
[White "Derylo, Kamil"]
[Black "Zochowski, Kacper"]
[Result "0-1"]
[WhiteElo "2026"]
[BlackElo "2262"]
[EventDate "2023.07.10"]
[PlyCount "60"]

1.e4 d6 2.d4 Nf6 3.Nc3 e5 4.Nf3 Nbd7 5.Bc4 Be7 6.O-O O-O 7.Re1 c6 8.a4 Qc7 9.b3 
b6 10.Bb2 a6 11.h3 Bb7 12.d5 cxd5 13.Nxd5 Nxd5 14.Bxd5 Bxd5 15.Qxd5 Qxc2 16.Ba3 
Nf6 17.Qb7 Rfe8 18.Re3 b5 19.axb5 axb5 20.Qxb5 Rxa3 21.Rxa3 Qc1+ 22.Kh2 Qxa3 
23.Rc3 Qa8 24.Nd2 Rb8 25.Qc4 Qb7 26.f3 h5 27.Qd3 h4 28.Nc4 Nh5 29.Ne3 Nf4 
30.Qd1 g6 0-1

[Event "Jan Macieja Memorial"]
[Site "Warsaw POL"]
[Date "2023.07.10"]
[Round "5.16"]
[White "Budzisz, Adrian"]
[Black "Cukrowski, Filip"]
[Result "1-0"]
[WhiteElo "2018"]
[BlackElo "2258"]
[EventDate "2023.07.10"]
[PlyCount "94"]

1.e4 c5 2.Nf3 e6 3.g3 Nc6 4.Bg2 Nf6 5.Nc3 d6 6.O-O Be7 7.d4 cxd4 8.Nxd4 O-O 
9.b3 a6 10.Nce2 Qc7 11.c4 Rb8 12.Bb2 Ne5 13.h3 b5 14.f4 Ng6 15.Rc1 Qa7 16.c5 
Bd7 17.cxd6 Bxd6 18.e5 Nxe5 19.fxe5 Bxe5 20.Kh2 Rfd8 21.Qe1 Qb6 22.Rd1 Be8 
23.Ba1 Nh5 24.Bf3 Nxg3 25.Nxg3 Bxd4 26.Rxd4 Rxd4 27.Bxd4 Qxd4 28.Qf2 Rd8 
29.Qxd4 Rxd4 30.Rd1 Rxd1 31.Bxd1 f6 32.Ne4 a5 33.Nc5 Kf7 34.Nb7 a4 35.Nd6+ Ke7 
36.Nxe8 Kxe8 37.bxa4 bxa4 38.Bxa4+ Ke7 39.Bb3 e5 40.Kg3 Kd6 41.Bg8 h6 42.Kg4 g6 
43.Bh7 f5+ 44.Kf3 e4+ 45.Ke3 Ke5 46.Bxg6 f4+ 47.Ke2 Kd4 1-0

[Event "Jan Macieja Memorial"]
[Site "Warsaw POL"]
[Date "2023.07.10"]
[Round "5.17"]
[White "Syrkiewicz, Michal"]
[Black "Orzech, Dominik"]
[Result "0-1"]
[WhiteElo "2009"]
[BlackElo "2256"]
[EventDate "2023.07.10"]
[PlyCount "80"]

1.e4 c5 2.Nf3 Nc6 3.Bb5 Qc7 4.O-O Nf6 5.Nc3 Nd4 6.Bc4 e6 7.d3 a6 8.a4 Be7 9.Be3 
Ng4 10.g3 Nxf3+ 11.Qxf3 Ne5 12.Qe2 b6 13.Ba2 Bb7 14.f4 Nc6 15.Qf2 Nd4 16.Rac1 
O-O 17.Ne2 Nxe2+ 18.Qxe2 Qc6 19.f5 Bf6 20.c3 Qxa4 21.Bb1 d5 22.Bc2 Qc6 23.g4 
dxe4 24.dxe4 h6 25.Bf4 Rad8 26.Rfd1 Rfe8 27.Rxd8 Rxd8 28.Rd1 Rxd1+ 29.Qxd1 exf5 
30.gxf5 b5 31.Qd6 b4 32.cxb4 Bd4+ 33.Kg2 Qb5 34.Kg3 Qxb4 35.Qd8+ Kh7 36.e5 Qe1+ 
37.Kg4 Qe2+ 38.Kg3 Bf2+ 39.Kh3 Qh5+ 40.Qh4 Qxh4# 0-1

[Event "Jan Macieja Memorial"]
[Site "Warsaw POL"]
[Date "2023.07.10"]
[Round "5.18"]
[White "Sanz, Losada Victoriano"]
[Black "Malek, Jan"]
[Result "0-1"]
[WhiteElo "2010"]
[BlackElo "2255"]
[EventDate "2023.07.10"]
[PlyCount "72"]

1.d4 Nf6 2.c4 e6 3.Nc3 d5 4.Bg5 Nbd7 5.cxd5 exd5 6.e3 h6 7.Bf4 c6 8.Bd3 Be7 
9.Nf3 Nh5 10.Bg3 Nxg3 11.hxg3 Bd6 12.Qc2 Nf6 13.O-O-O Be6 14.Kb1 b5 15.Ne5 Bxe5 
16.dxe5 Ng4 17.Bf5 Nxe5 18.Bxe6 fxe6 19.f4 Nf7 20.e4 O-O 21.f5 Ne5 22.fxe6 d4 
23.Ne2 d3 24.Qb3 Qe7 25.Nf4 Rad8 26.Rh5 Nc4 27.Ka1 Rxf4 28.gxf4 d2 29.f5 Rd4 
30.Rhh1 Rxe4 31.Qf3 Qf6 32.Rb1 Re1 33.Qxc6 Rxh1 34.Qe8+ Kh7 35.e7 Rxb1+ 36.Kxb1 
Qxb2# 0-1

[Event "Jan Macieja Memorial"]
[Site "Warsaw POL"]
[Date "2023.07.10"]
[Round "5.19"]
[White "Koziorowicz, Michal"]
[Black "Pires, Emanuel Joao Robarts"]
[Result "1-0"]
[WhiteElo "2253"]
[BlackElo "2005"]
[EventDate "2023.07.10"]
[PlyCount "101"]

1.e4 e6 2.b3 d5 3.Bb2 dxe4 4.Nc3 Nf6 5.Qe2 Nc6 6.Nxe4 Be7 7.Nf3 O-O 8.O-O-O a5 
9.a4 b5 10.axb5 Nb4 11.Qc4 Bb7 12.Nxf6+ Bxf6 13.Ne5 Nd5 14.d4 a4 15.f3 Ne3 
16.Qd3 Nxd1 17.Qxd1 axb3 18.c3 Bg5+ 19.Kb1 Bf6 20.Qxb3 Bxe5 21.dxe5 Qd2 22.Qc2 
Qe1+ 23.Qc1 Qxe5 24.Bd3 Qd5 25.Qc2 h6 26.c4 Qg5 27.Re1 Rfd8 28.Re5 Qf4 29.Qc3 
Qxh2 30.Rxe6 Qg1+ 31.Bf1 Qxf1+ 32.Re1 Rd1+ 33.Kc2 Qxg2+ 34.Kxd1 Bxf3+ 35.Kc1 
Rd8 36.Qe3 Bg4 37.Rg1 Qf3 38.Qxf3 Bxf3 39.Rxg7+ Kf8 40.Rh7 Rd1+ 41.Kc2 h5 
42.Rh8+ Ke7 43.Be5 c6 44.b6 c5 45.b7 Bxb7 46.Kxd1 Ke6 47.Bb8 Kf6 48.Kd2 Bf3 
49.Ke3 Bg4 50.Kf4 Ke6 51.Rh6+ 1-0

[Event "Jan Macieja Memorial"]
[Site "Warsaw POL"]
[Date "2023.07.10"]
[Round "5.20"]
[White "Czerwonski, Aleksander"]
[Black "Jakubowska, Anna"]
[Result "0-1"]
[WhiteElo "2242"]
[BlackElo "2001"]
[EventDate "2023.07.10"]
[PlyCount "128"]

1.d4 d5 2.c4 c6 3.Nf3 Nf6 4.Nc3 e6 5.Bg5 h6 6.Bxf6 Qxf6 7.e3 g6 8.Qc2 Bg7 
9.cxd5 exd5 10.Nxd5 Qd8 11.Nc3 O-O 12.Bc4 Bf5 13.e4 Bg4 14.O-O-O b5 15.Be2 b4 
16.Na4 Nd7 17.h3 Be6 18.Kb1 b3 19.axb3 Qa5 20.Bc4 Bxc4 21.Qxc4 Rab8 22.d5 c5 
23.e5 Rb4 24.Qc3 Qb5 25.Ka2 c4 26.Nd4 cxb3+ 27.Qxb3 Rxa4+ 28.Kb1 Qxb3 29.Nxb3 
Nxe5 30.Nc5 Ra5 31.Rc1 Rb5 32.Rhd1 Rfb8 33.Rc2 Rc8 34.Ne4 Rxc2 35.Kxc2 Nd7 
36.Nd6 Rxb2+ 37.Kd3 Nc5+ 38.Kc4 Nd7 39.Ne4 Re2 40.Kd3 Ra2 41.Rc1 Ra3+ 42.Ke2 
Be5 43.Rc8+ Kg7 44.Rd8 Nf6 45.Nc5 Ra5 46.Nd3 Bd4 47.d6 Bb6 48.Ra8 Rd5 49.Nf4 
Rxd6 50.g4 Nd5 51.Ng2 Nc3+ 52.Kf3 Rf6+ 53.Kg3 Bxf2+ 54.Kh2 Bb6 55.Rc8 Nd5 
56.Nh4 Rf2+ 57.Kg3 Rb2 58.Nf3 Nf6 59.Ne5 Rb3+ 60.Kg2 Rb2+ 61.Kf3 Nd5 62.Rb8 
Rb3+ 63.Ke2 Nf4+ 64.Kd2 Be3+ 0-1

[Event "Jan Macieja Memorial"]
[Site "Warsaw POL"]
[Date "2023.07.10"]
[Round "5.21"]
[White "Sliwicki, Damian"]
[Black "Mickiewicz, Piotr"]
[Result "0-1"]
[WhiteElo "2005"]
[BlackElo "2224"]
[EventDate "2023.07.10"]
[PlyCount "87"]

1.e4 c6 2.Nc3 d5 3.Nf3 dxe4 4.Nxe4 Nf6 5.Nxf6+ exf6 6.d4 Bd6 7.Bd3 O-O 8.O-O 
Bg4 9.c3 a5 10.Bc2 Bh5 11.Be3 Re8 12.Qd3 Bg6 13.Qd2 Qc7 14.h3 Nd7 15.Nh4 a4 
16.Nf5 Bxf5 17.Bxf5 Nb6 18.Qc2 g6 19.Bd3 Nd5 20.Rae1 b5 21.a3 f5 22.c4 bxc4 
23.Bxc4 Qb6 24.Rd1 Nxe3 25.fxe3 Rxe3 26.Kh1 Ra7 27.Qf2 Rae7 28.Rd2 Bg3 29.Qg1 
h5 30.d5 cxd5 31.Bxd5 Re1 32.Rd1 Rxf1 33.Rxf1 Qxb2 34.Qc5 Rc7 35.Qa5 Rc1 
36.Qa8+ Kg7 37.Qa6 Qxa3 38.Bc4 Rxf1+ 39.Bxf1 Qa1 40.Kg1 h4 41.Qa5 a3 42.Qb4 a2 
43.Qb3 Qd4+ 44.Kh1 0-1

[Event "Jan Macieja Memorial"]
[Site "Warsaw POL"]
[Date "2023.07.10"]
[Round "5.22"]
[White "Zalega, Maciej"]
[Black "Sriram, Jha"]
[Result "0-1"]
[WhiteElo "1992"]
[BlackElo "2221"]
[EventDate "2023.07.10"]
[PlyCount "73"]

1.e4 d6 2.d4 Nf6 3.Nc3 e5 4.Nf3 Nbd7 5.Bc4 Be7 6.O-O O-O 7.Be3 c6 8.a4 Nxe4 
9.Bxf7+ Rxf7 10.Nxe4 d5 11.Neg5 Bxg5 12.Nxg5 Rf5 13.Qh5 h6 14.Qg6 Nf8 15.Nf7 
Nxg6 16.Nxd8 Rf8 17.dxe5 Nxe5 18.f4 Nc4 19.Bc5 Rxd8 20.f5 Kf7 21.Rae1 Nd6 22.f6 
gxf6 23.Re3 Ne4 24.Bd4 f5 25.g4 Rg8 26.h3 c5 27.Be5 d4 28.Rb3 b6 29.Rbf3 Ke6 
30.Bf4 fxg4 31.hxg4 Rxg4+ 32.Kh2 Kd5 33.Bc7 Be6 34.c4+ dxc3 35.Rd1+ Kc6 36.Be5 
Rag8 37.Rd6+ 0-1

[Event "Jan Macieja Memorial"]
[Site "Warsaw POL"]
[Date "2023.07.10"]
[Round "5.23"]
[White "Janeczko, Jakub"]
[Black "Chomczyk, Marek"]
[Result "1-0"]
[WhiteElo "1991"]
[BlackElo "2217"]
[EventDate "2023.07.10"]
[PlyCount "63"]

1.e4 e5 2.Nf3 Nf6 3.Nc3 Nc6 4.a3 b6 5.Bc4 Be7 6.d3 O-O 7.O-O Bb7 8.Re1 a5 9.Ne2 
d5 10.exd5 Nxd5 11.Ng3 f6 12.Nh4 Nd4 13.c3 Ne6 14.Qh5 Qe8 15.Qg4 Qd7 16.Ngf5 g6 
17.Nxg6 Kf7 18.Nh6+ Ke8 19.Nxf8 Nxf8 20.Qg8 Qc6 21.a4 Qe6 22.Qxe6 Nxe6 23.d4 
Rd8 24.dxe5 fxe5 25.Rxe5 Ndf4 26.Bxf4 Nxf4 27.Rae1 Ng6 28.Bf7+ Kf8 29.Bxg6 Bd6 
30.Re8+ Rxe8 31.Rxe8+ Kg7 32.Nf5+ 1-0

[Event "Jan Macieja Memorial"]
[Site "Warsaw POL"]
[Date "2023.07.10"]
[Round "5.24"]
[White "Paprocki, Antoni"]
[Black "Kokoszczynski, Jan"]
[Result "0-1"]
[WhiteElo "1978"]
[BlackElo "2198"]
[EventDate "2023.07.10"]
[PlyCount "63"]

1.d4 d5 2.c4 c6 3.Nf3 Nf6 4.e3 Bg4 5.Nc3 e6 6.h3 Bh5 7.g4 Bg6 8.Ne5 Nbd7 9.Nxg6 
hxg6 10.Qb3 Qb6 11.Bg2 Be7 12.O-O g5 13.c5 Qc7 14.Qd1 e5 15.f4 gxf4 16.exf4 
exd4 17.Ne2 Bxc5 18.Nxd4 O-O-O 19.Be3 Rhe8 20.Qd2 Qb6 21.Rfd1 Ne4 22.Bxe4 Rxe4 
23.Bf2 Rde8 24.a3 Qc7 25.b4 Bb6 26.b5 Qxf4 27.Qxf4 Rxf4 28.bxc6 bxc6 29.Rac1 
Kb7 30.Rb1 Nf6 31.a4 Kc8 32.a5 0-1

[Event "Jan Macieja Memorial"]
[Site "Warsaw POL"]
[Date "2023.07.10"]
[Round "5.25"]
[White "Karpus, Michal"]
[Black "Korbal, Arkadiusz"]
[Result "1-0"]
[WhiteElo "2181"]
[BlackElo "1956"]
[EventDate "2023.07.10"]
[PlyCount "127"]

1.e4 e5 2.f4 d5 3.exd5 exf4 4.Nf3 Nf6 5.Bb5+ Bd7 6.Bxd7+ Nbxd7 7.O-O Be7 8.c4 
O-O 9.d4 Bd6 10.Nc3 b6 11.Nb5 Nh5 12.Kh1 Re8 13.Nxd6 cxd6 14.Bd2 Ndf6 15.Ng5 h6 
16.Nh3 g5 17.Nf2 Qd7 18.Rc1 Qf5 19.Bb4 Rad8 20.Qd3 Qxd3 21.Nxd3 Re4 22.Bc3 Ng4 
23.b3 Ne3 24.Rfe1 Rde8 25.Nf2 R4e7 26.Bb4 Rd7 27.Re2 Ng7 28.g3 f3 29.Ree1 Nef5 
30.Rxe8+ Nxe8 31.Bc3 Re7 32.Kg1 Re2 33.Re1 Ne3 34.Rxe2 fxe2 35.Nd3 Nd1 36.Be1 
f5 37.Nc1 Ne3 38.Nxe2 Nc2 39.Bf2 Nf6 40.Nc3 Ne4 41.Nb5 a6 42.Nc7 a5 43.Na8 a4 
44.bxa4 Nxf2 45.Kxf2 Nxd4 46.Nxb6 Nc2 47.a5 Nb4 48.a3 Na6 49.Nc8 Kg7 50.Nxd6 
Kf6 51.Ke3 Ke5 52.Nf7+ Kf6 53.Nd8 h5 54.Nc6 Nc5 55.Nb4 Ke5 56.a6 f4+ 57.gxf4+ 
gxf4+ 58.Kf3 Nd7 59.a7 Nb6 60.c5 Na8 61.d6 Ke6 62.Kxf4 h4 63.Kg4 Kd7 64.Kxh4 1-0